[Event "Hochsauerland-ch U16"]
[Site "Foeckinghausen"]
[Date "2003.01.05"]
[Round "4"]
[White "Bonke, Eva Maria"]
[Black "Cramer, Marius"]
[Result "0-1"]
[WhiteElo "1074"]
[BlackElo "1191"]
[PlyCount "60"]
[EventDate "2003.01.??"]
[EventType "swiss"]
[EventRounds "5"]
[EventCountry "GER"]
[SourceTitle "EXT 2005"]
[Source "ChessBase"]
[SourceDate "2004.11.15"]
[SourceVersion "1"]
[SourceVersionDate "2004.11.15"]
[SourceQuality "1"]

1. e4 e5 2. Nc3 Bc5 3. Qe2 b6 4. Nf3 Nc6 5. d3 Bb7 6. a3 Nf6 7. h3 0-0 8. b4 Bd6 9. b5 Nd4 10. Qe3 Nxc2+ 11. Kd1 Nxe3+ 12. Bxe3 c6 13. Rc1 cxb5 14. Nxb5 Be7 15. d4 exd4 16. Bxd4 Nxe4 17. Ke1 Bg5 18. Rd1 a6 19. Nc3 Qe7 20. Be2 Bf6 21. Rd3 Qxa3 22. Rd1 Nxc3 23. Bxc3 Qxc3+ 24. Nd2 Rae8 25. f3 Qe3 26. Ne4 Bxe4 27. fxe4 Rxe4 28. Rd2 Bc3 29. Kf1 Rf4+ 30. Ke1 Qxd2# 0-1

[Event "Hochsauerland-ch U14 Girls"]
[Site "Winterberg"]
[Date "2002.01.03"]
[Round "3"]
[White "Hesse, Judith"]
[Black "Bonke, Eva Maria"]
[Result "1/2-1/2"]
[WhiteElo "1100"]
[BlackElo "1102"]
[PlyCount "52"]
[EventDate "2002.01.02"]
[EventType "tourn"]
[EventRounds "3"]
[EventCountry "GER"]
[SourceTitle "EXT 2005"]
[Source "ChessBase"]
[SourceDate "2004.11.15"]
[SourceVersion "1"]
[SourceVersionDate "2004.11.15"]
[SourceQuality "1"]

1. e4 e5 2. Nf3 f6 3. Bc4 d5 4. Bxd5 c6 5. Bc4 b5 6. Bb3 g5 7. 0-0 b4 8. d3 Ba6 9. a3 Qb6 10. axb4 g4 11. Ne1 Bh6 12. Bxh6 Nxh6 13. h3 Rf8 14. hxg4 f5 15. exf5 Rg8 16. d4 Qb5 17. Nc3 Qxf1+ 18. Kh2 Nxg4+ 19. Kg3 Nxf2+ 20. Bxg8 Nh1+ 21. Kh3 c5 22. dxe5 Nc6 23. Be6 Rd8 24. f6 Nxe5 25. Bf5 Rxd1 26. Rxd1 Qg1 1/2-1/2